Pathways of dissent : (Record no. 41645)

MARC details
000 -LEADER
fixed length control field 00914nam a22002417a 4500
005 - DATE AND TIME OF LATEST TRANSACTION
control field 20100813142444.0
010 ## - LCCN (DPL NO)
LC control number ENG-100147
020 ## - INTERNATIONAL STANDARD BOOK NUMBER
International Standard Book Number 9788132102229
Terms of availability 795.00
035 ## - SYSTEM CONTROL NUMBER
System control number EN-83679
037 ## - SOURCE OF ACQUISITION
Source of stock number/acquisition DBAD/PUB
082 ## - DEWEY DECIMAL CLASSIFICATION NUMBER
Classification number 320.540899481105493
245 ## - TITLE STATEMENT
Title Pathways of dissent :
Remainder of title Tamil nationalism in sri lanka /
Statement of responsibility, etc edited by R. Cheran
260 ## - PUBLICATION, DISTRIBUTION, ETC. (IMPRINT)
Place of publication, distribution, etc New Delhi
Name of publisher, distributor, etc Sage Publications
Date of publication, distribution, etc 2009
270 ## - ADDRESS
Address B1/1-1, Mohan Cooperative Industrial Area Mathura Road,
City New Delhi
Postal code 110044
300 ## - PHYSICAL DESCRIPTION
Extent xlvii, 283p.
Dimensions 22cm (Hb)
500 ## - GENERAL NOTE
General note Includes index
650 ## - SUBJECT ADDED ENTRY--TOPICAL TERM
Topical term or geographic name as entry element Ethnic Conflict
650 ## - SUBJECT ADDED ENTRY--TOPICAL TERM
Topical term or geographic name as entry element Nationalism
650 ## - SUBJECT ADDED ENTRY--TOPICAL TERM
Topical term or geographic name as entry element Sri lanka
700 ## - ADDED ENTRY--PERSONAL NAME
Personal name Cheran R.
9 (RLIN) 12713
942 ## - ADDED ENTRY ELEMENTS (KOHA)
Source of classification or shelving scheme Dewey Decimal Classification
Item type English Books
Classification part 320.540899481105493
Call number suffix PAT
Holdings
Withdrawn status Lost status Not for loan Collection code Home library Current library Date acquired Source of acquisition Cost, normal purchase price Full call number Barcode Copy number Cost, replacement price Koha item type
    Not For Loan Non-fiction D.B.Act.Division D.B.Act.Division 13/08/2010 DBAD/PUB 795.00 320.540899481105493 PAT EN-83679 1 795.00 English Books

© Delhi Public Library
Hit Counter
free hit counter